The new freedom ; a call for the emancipation of the generous energies of a people /

Bibliographic Details
Main Author: Wilson, Woodrow, 1856-1924
Other Authors: Hale, William Bayard, 1869-1924
Format: Book
Language:English
Published: New York, Garden City : Doubleday, Page & company, 1913.
Subjects:

MARC

Tag First Indicator Second Indicator Subfields
LEADER 00000cam a2200000 4500
001 in00000059630
005 20151008050510.0
008 740911s1913 nyu 00000 eng u
010 |a  13003076  
035 |a (OCoLC)01003927 
035 |9 AAG1407AM 
040 |c OUN  |d TXA  |d UtOrBLW 
049 |a TXAM  |c [195641] 
050 0 0 |a JK271  |b .W6 
090 |a JK271  |b .W6 1913 
092 |a 320.4  |b W754n 
100 1 |a Wilson, Woodrow,  |d 1856-1924. 
245 1 4 |a The new freedom ;  |b a call for the emancipation of the generous energies of a people /  |c by Woodrow Wilson. 
264 1 |a New York,  |a Garden City :  |b Doubleday, Page & company,  |c 1913. 
300 |a viii, 294 pages ;  |c 20 cm. 
336 |a text  |b txt  |2 rdacontent 
337 |a unmediated  |b n  |2 rdamedia 
338 |a volume  |b nc  |2 rdacarrier 
500 |a Compiled by W. B. Hale from the stenographic reports of the author's campaign speeches. 
651 0 |a United States  |x Politics and government. 
651 0 |a United States  |x Social conditions. 
700 1 |a Hale, William Bayard,  |d 1869-1924. 
999 |a MARS 
999 f f |s 45869adb-8503-3a91-b272-9baef355459b  |i 84a4a9d3-e84a-3a95-a375-d37f05fec680  |t 0 
952 f f |p ric  |a Texas A&M University  |b Rellis Campus  |c Joint Library Facility  |d Remote Storage  |t 0  |e JK271 .W6 1913  |h Library of Congress classification  |i unmediated -- volume  |m A14800658842 
998 f f |a JK271 .W6 1913  |t 0  |l Remote Storage